Gnarly - KATSEYE Lyrics - Statistics

General Stats
  • This quiz has been taken 1,579 times
    1,429 since last reset
  • The average score is 224 of 276
Answer Stats
Gnarly Lyrics % Correct
Gnarly
98%
the
96%
Like
94%
like
94%
Tesla
94%
chicken
93%
everything
93%
Fried
93%
Tea
93%
You
93%
you
93%
a
92%
Boba
91%
This
91%
this
91%
my
90%
so
90%
Hollywood
89%
Oh
89%
one
89%
be
88%
God
88%
in
88%
song
88%
word
88%
could
87%
is
87%
know
87%
single
87%
They
87%
they
87%
describe
86%
Hills
86%
with
85%
beat
84%
Gang
84%
gang
84%
I'm
83%
real
82%
shit
82%
Shit
82%
to
82%
new
80%
of
80%
Fucking
77%
fucking
77%
tonight
77%
Hottie
76%
hottie
76%
Takis
76%
bag
75%
copy
73%
Na
72%
na
72%
out
70%
we're
70%
going
69%
Obvi
69%
obvi
69%
Congratulations
68%
me
68%
Partyin'
68%
tryna
68%
bitch
67%
that
67%
dumb
66%
Everything's
66%
J-J-Jealous
66%
mansion
66%
not
66%
talk
66%
Don't
65%
for
65%
Making
65%
session
64%
view
64%
Yeah
63%
You're
62%
beats
61%
lit
59%
boring
58%
song's
51%
Now
44%
No matching quizzes found
Score Distribution
Percent of People with Each Score
Percentile by Number Answered
Your Score History
You have not taken this quiz since the last reset